| 000 | 00768cam a2200205 4500 | ||
|---|---|---|---|
| 001 | J125127 | ||
| 008 | 040212n2002 000 0 eng u | ||
| 035 | _a(Sirsi) u125127 | ||
| 041 | _aeng | ||
| 050 |
_a711.109429 _c18 |
||
| 110 |
_aWales _bWelsh Assembly Government |
||
| 245 |
_aPlanning - delivering for Wales _bconsultation paper |
||
| 260 |
_aCardiff _bNAFW _c2002 |
||
| 520 | _aConsultation paper from the Welsh assembly government outlining plans for reforming the planning system in Wales. View at www.wales.gov.uk | ||
| 650 | _aPLANNING REFORM | ||
| 650 | _aWALES | ||
| 690 | _aPLANNING | ||
| 856 |
_uhttps://www.wales.gov.uk/subiplanning/content/consultationpapers/delivering/index-e.htm _zView the consultation on the NAFW website... |
||
| 942 | _n0 | ||
| 999 |
_c103349 _d103349 |
||